Byť alebo nebyť - Európska únia?

Enregistré dans:
Détails bibliographiques
Auteur principal: Radičová, Iveta
Autres auteurs: Minárik, Jakub
Format: Livre
Langue:slovaque
Publié: Bratislava Centrum pre otvorenú politiku 2016
Sujets:
Tags: Ajouter un tag
Pas de tags, Soyez le premier à ajouter un tag!

MARC

LEADER 00000nam a2200000 4500
001 0240163
005 20240314094220.0
020 |a 978-80-972536-0-8 
041 0 |a slo 
044 |a SK 
245 1 0 |a Byť alebo nebyť - Európska únia?  |c Iveta Radičová ; preložil: Jakub Minárik 
264 1 |a Bratislava  |b Centrum pre otvorenú politiku  |c 2016 
300 |a 175 s. 
610 2 0 |a integrácia ekonomická medzinárodná 
610 2 0 |a správa verejná 
610 2 0 |a výkonnosť ekonomiky 
610 2 0 |a porovnanie medzinárodné 
610 2 0 |a korupcia 
610 2 0 |a opatrenia 
610 2 0 |a občania 
610 2 0 |a ukazovatele ekonomické 
610 2 0 |a údaje štatistické 
610 2 0 |a politika 
610 2 0 |a lídri 
610 2 0 |a prognózy 
610 2 0 |a Európa 
610 2 0 |a Európska únia 
100 1 |a Radičová, Iveta 
700 1 |a Minárik, Jakub